Yankees All-Time Stat Leaders - Statistics

General Stats
  • This quiz has been taken 35 times
  • The average score is 25 of 32
Answer Stats
Hint Answer % Correct
At Bats (SS) Derek Jeter (11195)
100%
Hit By Pitch (SS) Derek Jeter (170)
100%
Strikeouts Batting (SS) Derek Jeter (1840)
100%
Games Played (SS) Derek Jeter (2747)
100%
Hits (SS) Derek Jeter (3465)
100%
Stolen Bases (SS) Derek Jeter (358)
100%
Doubles (SS) Derek Jeter (544)
100%
On-Base Plus Slugging (RF) Babe Ruth (1.195)
96%
Walks (RF) Babe Ruth (1852)
96%
Runs Scored (RF) Babe Ruth (1959)
96%
Batting Average (RF) Babe Ruth (.349)
96%
On-Base Percentage (RF) Babe Ruth (.484)
96%
Home Runs (RF) Babe Ruth (659)
96%
Slugging Percentage (RF) Babe Ruth (.711)
96%
Triples (1B) Lou Gehrig (163)
89%
Runs Batted In (1B) Lou Gehrig (1995)
89%
Walks and Hits Per Inning Pitched (1995-2013) Mariano Rivera (1.00)
89%
Games Pitched (1995-2013) Mariano Rivera (1115)
89%
Earned Run Average (1995-2013) Mariano Rivera (2.21)
89%
Saves (1995-2013) Mariano Rivera (652)
89%
Pitching Wins (1950-1967) Whitey Ford (236)
89%
Innings Pitched (1950-1967) Whitey Ford (3170.1)
89%
Earned Runs Allowed (1995-2013) Andy Pettitte (1223)
75%
Home Runs Allowed (1995-2013) Andy Pettitte (236)
75%
Strikeouts Pitching (1995-2013) Andy Pettitte (2448)
75%
Sacrifice Flys (1B) Don Mattingly (96)
54%
Complete Games (1924-1947) Red Ruffing (261)
43%
Hits Allowed (1924-1947) Red Ruffing (2995)
43%
Caught Stealing (LF) Roy White (118)
32%
Pitching Losses (1964-1974) Mel Stottlemyre (139)
29%
Walks Allowed (1930-1943) Lefty Gomez (1090)
18%
Sacrifice Bunts (1B) Wally Pimp (226)
0%
No matching quizzes found
Score Distribution
Percent of People with Each Score
Percentile by Number Answered
Your Score History
You have not taken this quiz